| 000 | 00962nam a2200265 i 4500 | ||
|---|---|---|---|
| 001 | bg | ||
| 245 | 0 | 0 |
_aSłownik terminów i skrótów sieciowych / _cprzekł. z jęz. ang. Łukasz Bromirski ; Cisco Systems. |
| 246 |
_iTyt. oryg.: _aDictionary of Internetworking terms and acronyms |
||
| 260 |
_aWarszawa : _b"Mikom", _c2002. |
||
| 300 |
_a272 s. ; _c24 cm. |
||
| 500 | _aTyt. oryg.: "Dictionary of Internetworking terms and acronyms" 2001. Oficjalny słownik Cisco Systems. | ||
| 650 | 9 |
_aSieć komputerowa _xterminologia |
|
| 650 | 9 | _aSkróty angielskie | |
| 650 | 9 | _aSłownik angielsko-polski | |
| 655 | _aSłowniki | ||
| 700 | 1 |
_aBROMIRSKI, Łukasz. _eTł. |
|
| 020 | _a8372792518 | ||
| 040 | _cBPK | ||
| 041 | 1 |
_apoleng _heng |
|
| 080 | _a004.7:003.083](438)=111=162.1 | ||
| 920 | _a83-7279-251-8 | ||
| 942 | _cKS | ||
| 008 | s pl f |000 0 pol | ||
| 999 |
_c43353 _d43353 |
||
| 856 |
_uhttp://koha.tu.koszalin.pl/cgi-bin/koha/opac-detail.pl?biblionumber=43353 _yKatalog online BPK |
||